000 00244nam a22001097a 4500
082 _a624.1834AST
100 _aAstill A W
245 _aElementary structural desin in concrete to PC 110
260 _aEdward
_c1981
300 _a272
942 _cBK
999 _c13068
_d13068